| 000 | 00746nam a2200205Ia 4500 | ||
|---|---|---|---|
| 003 | GCL | ||
| 008 | 140319s9999 xx 000 0 ara d | ||
| 040 |
_aGCL / _cGCL |
||
| 082 | 0 | 4 |
_a234 _bك ر |
| 100 | 1 | _aالكنوى ابوالحنات محمد عبدالح | |
| 245 | 1 | 0 |
_aالرفع والتكميل فى الجرح والتعديل / _cالكنوى ابوالحنات محمد عبدالح |
| 700 | 1 | _aعبدالحليم الانصارى الايوبى | |
| 260 |
_a[S.N] : _bدار الاقصر للنشر والتوزيع ، _c1987 |
||
| 300 | _a564 ص | ||
| 490 |
_aمؤلفات الامام الكنوى _v0 |
||
| 650 | 0 | 4 | _aالاسلام |
| 650 | 0 | 4 | _aالجرح والتعديل |
| 650 | 0 | 4 | _aالمصطلح |
| 942 |
_2ddc _cBK |
||
| 999 |
_c36182 _d36182 |
||